Statistics for Towns beginning with D: guess the country

Click here to take the quiz!

General Stats

  • This quiz has been taken 16 times
  • The average score is 12 of 20

Answer Stats

QuestionAnswer% Correct
DubaiUnited Arab Emirates
94%
DiliEast Timor
88%
DodomaTanzania
88%
DarmstadtGermany
81%
Dĩ AnVietnam
81%
DalianChina
75%
DroghedaIreland
69%
DaloaIvory Coast
69%
DrammenNorway
69%
DiyarbakırTurkey
63%
DjelfaAlgeria
56%
DerbentRussia
56%
DecaturUSA
56%
Donostia / San SebastiánSpain
50%
DinantBelgium
44%
Duque de CaxiasBrazil
44%
DarkhanMongolia
44%
DamanhourEgypt
38%
Dehiwala-Mount LaviniaSri Lanka
38%
DjenneMali
31%

Score Distribution

Percentile by Number Answered

Percent of People with Each Score

Your Score History

You have not taken this quiz